Statistics for Countries with the Most Borders A-Z

Click here to take the quiz!

General Stats

  • This quiz has been taken 47,512 times
    (43,027 since last reset)
  • The average score is 17 of 24

Answer Stats

LetterCountry# Borders% Correct
RRussia14
93%
CChina14
90%
YYemen2
89%
QQatar1
88%
FFrance10
87%
ZZambia8
86%
OOman3
86%
VVenezuela / Vietnam3
85%
IIran7
84%
GGermany9
83%
KKazakhstan / Kenya5
80%
BBrazil10
78%
TTanzania / Turkey8
73%
HHungary7
70%
EEthiopia6
65%
NNiger7
65%
AAustria8
62%
JJordan5
62%
D *D.R. Congo9
60%
PPoland7
59%
UUkraine7
55%
MMali7
55%
LLibya6
44%
SSerbia8
39%

Score Distribution

Percentile by Number Answered

Percent of People with Each Score

Your Score History

You have not taken this quiz since the last reset